000 00536nam a2200205Ia 4500
005 20250425161100.0
008 250425s9999 xx 000 0 und d
041 _aspa
082 _a621.31924
100 _aMULLIN, RAY C.
245 0 _aESPECIALIDADES ELECTRICAS: LECTURA DE PLANOS, CODIGO, TEORIA, INSTALACION RESIDENCIAL
250 _a1A ED.
260 _aMEXICO
260 _aMéxico
_bDIANA
_c1971
300 _a287
650 _aCODIGO ELECTRICO
650 _aINSTALACIONES ELECTRICAS
942 _c01
010 _a12108
999 _c202062
_d202062